Geography Quiz

Random Geography or City Quiz
Score 0/34 Timer 05:00
0 Plays Today
Country City % Correct
NetherlandsAmsterdam
98.7%
SpainMadrid
98.3%
UkraineKiev
98.3%
SpainBarcelona
97.8%
GermanyBerlin
97.8%
United KingdomLondon
97.4%
DenmarkCopenhagen
97.4%
PolandWarsaw
97.4%
TurkeyIstanbul
97.4%
ItalyRome
97%
BelgiumBrussels
97%
PortugalLisbon
96.5%
FranceParis
96.5%
AustriaVienna
96.5%
RussiaMoscow
96.5%
Czech RepublicPrague
96.1%
SwedenStockholm
96.1%
Country City % Correct
HungaryBudapest
95.7%
GreeceAthens
95.7%
ItalyMilan
95.2%
GermanyMunich
95.2%
BelarusMinsk
94.8%
BulgariaSofia
93.9%
RomaniaBucharest
93.9%
GermanyHamburg
92.6%
RussiaSt. Petersburg
91.8%
NetherlandsRotterdam
90.9%
ItalyNaples
90%
SerbiaBelgrade
89.2%
United KingdomBirmingham
88.7%
FranceMarseille
88.7%
UkraineOdessa
69.3%
UkraineKharkiv
64.1%
UkraineDnepropetrovsk
41.1%
Remove Ads.
Support Sporcle.
Get the best of Sporcle when you Go Orange. This ad-free experience offers more features, more stats, and more fun while also helping to support Sporcle. Thank you for becoming a member.

You're not logged in!

Compare scores with friends on all Sporcle quizzes.
OR
Log In

Show Comments

Extras

Top Quizzes Today


Score Distribution

Your Account Isn't Verified!

In order to create a playlist on Sporcle, you need to verify the email address you used during registration. Go to your Sporcle Settings to finish the process.

Report this User

Report this user for behavior that violates our Community Guidelines.

Details: